| 000 | 00689nam a22002057a 4500 | ||
|---|---|---|---|
| 003 | OSt | ||
| 005 | 20260422072526.0 | ||
| 008 | 260422b |||||||| |||| 00| 0 eng d | ||
| 020 | _a0-7674-0532-3 | ||
| 040 |
_aDWC-Main lib _cOC |
||
| 082 |
_25th edition _aCirc. 791.43'0'15 B724 2000 |
||
| 100 | _aBoggs, Joseph M. | ||
| 245 |
_aThe art of watching films, 5th ed./ _cJoseph M. Boggs |
||
| 260 |
_aCalifornia: _bMayfield Publishing Company, 23 cm. _cc2000. |
||
| 300 |
_axxii, 570 pages : _billustration ; _c23 cm. |
||
| 504 | _aIncludes bibliographical references and index | ||
| 650 | _a1. Films critism | ||
| 700 | _aPetrie, Dennis W. | ||
| 942 |
_2ddc _cBK-CIRC _e5th ed. _hCirc. _n0 |
||
| 999 |
_c9714 _d9714 |
||